catastrophes en France et en Europe - Statistiques

Statistiques générales
  • Ce quiz a été pris 3 fois
  • Le résultat moyen est 1 sur 16
Statistiques - réponses
Par images Réponse % Correct
Naufrage du Costa Concordia
67%
incendie du 5-7
33%
Accident de Beaune
0%
Accident de Los Alfaques
0%
Accident de Malpasset
0%
accident du Mans
0%
Accident du Queen Mary 2
0%
Accident du Tunnel du Mont Blanc
0%
Accident Furiani
0%
Accident gare de Lyon
0%
Accident Pont de Genes
0%
Crash de Gonesse
0%
Crash du Mont St Odile
0%
Drame du Heyzel
0%
Naufrage du Herald of free
0%
Naufrage du Lancastria
0%
Aucun quiz correspondant
Distribution des résultats
% des personnes avec chaque résultat
Percentile par nombre de réponses
Votre historique - résultats
Vous n’avez pas pris ce quiz